000 01039nam a22002177 4500
999 _c832
_d832
003 AR-BaISA
005 20220404100902.0
007 ta
008 220404s2015 xxua|||f |||| 000 0 spa d
020 _a9789500208451
040 _bspa
_cAR-BaISA
082 0 4 _222
_a611.018 D54
100 1 _91967
_aDi Fiore, Mariano
245 1 0 _aAtlas de histología normal /
_bMariano Di Fiore
250 _a8a. ed.
260 _aBuenos Aires:
_bEl Ateneo,
_c2015
300 _a239 p.:
_bil.
505 _tCélula --
_tTejidos --
_tTejido conectivo --
_tTejido cartilaginoso --
_tTejido óseo --
_tOsificación --
_tMédula ósea --
_tSangre --
_tTejido muscular --
_tTejido nervioso --
_tSistema cardiovascular --
_tÓrganos linfáticos --
_tAparato digestivo --
_tAparato respiratorio --
_tAparato urinario --
_tAparato genital masculino --
_tAparato genital femenino --
_tPiel --
_tGlándulas de secreción interna --
_tSistema nervioso central --
_tAparato visual --
_tAparato auditivo
650 1 4 _91061
_aHistología
_vatlas
942 _2ddc
_cLI
_e22